| 000 | 00466nam a22001817a 4500 | ||
|---|---|---|---|
| 005 | 20251108173605.0 | ||
| 008 | 250721s1993 xx 000 0 eng d | ||
| 082 | 1 | 4 | _aJ/633.7/DAV |
| 100 | 1 | _aDAVIS, VIvienne | |
| 245 | 1 | 4 | _athe world of coffee / |
| 264 | 1 |
_acairo : _belisa modern press, _c1993. |
|
| 300 | _a31 p. | ||
| 650 | 1 | 7 | _aCOFFEE |
| 650 | 1 | 7 | _aARABIC COFFEE |
| 653 | _aناشئون صغار (10-14 سنة ) | ||
| 942 |
_2ddc _cBK |
||
| 999 |
_c107579 _d107579 |
||